Statistics for Biggest Trading Partners - Afghanistan

Click here to take the quiz!

General Stats

  • This quiz has been taken 109 times
  • The average score is 17 of 20

Answer Stats

Exports Country % Correct
$220 MIndia
99%
$526 MChina
98%
$200 MPakistan
97%
$3.42 MRussia
95%
$15.1 MIran
94%
$127 MUzbekistan
91%
$1.14 MSaudi Arabia
88%
$10.1 MIraq
83%
$3.89 MKazakhstan
83%
$289 MTurkmenistan
83%
$8.03 MUnited Arab Emirates
82%
$9.15 MTurkey
80%
$4.29 MGermany
73%
$252 MMalaysia
44%

Score Distribution

Percentile by Number Answered

Percent of People with Each Score

Your Score History

You have not taken this quiz